| 000 | 00598nam a2200217Ia 4500 | ||
|---|---|---|---|
| 003 | OSt | ||
| 005 | 20220926045339.0 | ||
| 006 | a|||||r|||| 00| 0 | ||
| 007 | ta | ||
| 008 | 220923b |||||||| |||| 00| 0 eng d | ||
| 037 | _cGeneral Book | ||
| 040 |
_aRTL _cRTL _beng |
||
| 041 |
_2eng _aeng |
||
| 082 | _aXM,62.2.N770, L9/GD | ||
| 110 |
_aReserve Bank of India _942573 |
||
| 245 | 0 | _aReport of th Committee on Urban Co-operative Banks | |
| 260 | _c1979 | ||
| 700 |
_aReserve Bank of India _942574 |
||
| 942 |
_hXM,62.2.N770, L9/GD _cGB _2CC |
||
| 999 |
_c677379 _d677379 |
||